000 00558nam a2200193Ia 4500
003 GCL
008 140319s9999 xx 000 0 ara d
040 _aGCL /
_cGCL
082 0 4 _a227
_bم ت
100 1 _aمحمد على طه الدره
245 1 0 _aتفسير القران الكريم واعرابه وبيانه /
_cمحمد على طه الدره
260 _a[S.N] :
_bمنشورات دار الحكمة
300 _aمتعدد
490 _a
650 0 4 _aتفاسير
650 0 4 _aاعراب
650 0 4 _aالقران
942 _2ddc
_cBK
999 _c35328
_d35328